| 000 | 00451nam a2200193Ia 4500 | ||
|---|---|---|---|
| 008 | 170918s9999 xx 000 0 und d | ||
| 020 | _a9780439800884 | ||
| 050 | _bW699 2004 | ||
| 100 | _aWillems, Mo | ||
| 245 | 4 | _aThe pigeon finds a hot dog! / | |
| 245 | _cMo Willems. | ||
| 260 | _aNew York : | ||
| 260 | _bScholastic, | ||
| 260 | _c2004 | ||
| 300 | _aunpaged : | ||
| 300 | _bcolored illustration ; | ||
| 300 | _c23cm. | ||
| 500 | _a300 | ||
| 999 |
_c341186 _d341186 |
||